000 01234nam a2200349 a 4500
001 000110548
003 CHAP
005 20220329144138.0
008 140909s2014 mx | |sm |||||||spa|d
010 _a107010
011 _a107982
040 _cCHAP
090 _aTesis
100 1 _aColín Marín, HUgo
_9128328
245 1 0 _aAlcamidas como inductores de resistencia para trips (Frankliniella spp.) y botritis (Botrytis spp.) en el cultivo de lilis (Lilium asiática).
_h[En línea]
_cpor Hugo Colín Marín.
260 _aChapingo, Méx. :
_bEl autor,
_c2014.
500 _aPara ver el contenido del material haga clic en la liga
502 _aTesis (Ing. Agr. Esp. en Fitotecnia) -- UACH. Departamento de Fitotecnia
590 _aBATCH-UPD
_b05
_c20141002
_lUCH01
_h0905
590 _aBATCH
_b00
_c20181121
_lUCH01
_h0759
590 _aE792CSJ
_b05
_c20140909
_lUCH01
_h1446
590 _aE792CSJ
_b05
_c20140909
_lUCH01
_h1446
650 1 4 _aBotrytis.
_914704
650 1 4 _aFrankliniella.
_943042
650 1 4 _aLilium.
_966770
650 1 4 _aTisanópteros.
_9113414
856 _a1
_n0001663
856 _aFinding aid
_uhttp://10.13.5.2/tesis/sist110548.pdf
_zTeclea aquí
901 _aBK
942 _cTESIS
942 _n0
999 _c107010
_d107010